000 01007nam a22003137a 4500
003 CHAP
005 20220329140037.0
008 971013s1961 r 00010 d
010 _a46115
011 _a47087
035 _a51228
040 _cCHAP
082 _a060
_bU55
100 0 0 _aUnión de Asociaciones Internacionales.
_9116210
245 _aCongress organizers' manual
260 _aBruselas :
_bUnión de Asociaciones Internacionales,
_c1961
300 _a98 p.
490 _aInternational congress science
_v; 2e
590 _aBATCH-UPD
_b10
_c20130110
_lUCH01
_h1923
590 _aBATCH-UPD
_b10
_c20130410
_lUCH01
_h1249
590 _aBATCH-UPD
_b10
_c20130914
_lUCH01
_h1030
590 _aCONVERSION
_b10
_c20130109
_lUCH01
_h1325
650 1 4 _aConferencias y reuniones.
_926637
700 0 _aDuchesne, Lucien R.
_934358
830 0 _aInternational congress science
_v; 2e
_959672
901 _aBK
942 _cLIBRO
949 _a060 U55
_bBC
_cLIBRO
_d33724000304085
_eLIBRO
_h43282
_i51228
_mD
_si
999 _c46115
_d46115